000 00636cam a22002053a 4500
001 39281
003 PGUSA
005 20140828083855.0
008 120327s2012||||xxu|||||s|||||000 | eng d
040 _aPGUSA
_beng
042 _adc
100 1 _aPreston, Thomas
245 1 0 _aDictionary of English Proverbs and Proverbial Phrases :
_bWith a Copious Index of Principal Words
_h[electronic resource] /
_cThomas Preston
260 _bProject Gutenberg,
_c2012
506 _aPublic domain in the USA.
516 _aElectronic text
830 0 _aProject Gutenberg
_v39281
856 4 0 _uhttp://www.gutenberg.org/ebooks/39281
942 _cEB
999 _c268534
_d268534